| 000 | 01072cam a2200289 i 4500 | ||
|---|---|---|---|
| 001 | 64478 | ||
| 003 | Mx-PuUPA | ||
| 005 | 20250423140735.0 | ||
| 008 | 160321s2010 sp gr 000 0 spa d | ||
| 020 | _a9786077620303 | ||
| 040 |
_aMx-PuUPA _bspa _erda _cMx-PuUPA _dMx-PuUPA |
||
| 041 | 0 | _aspa | |
| 110 | 2 |
_aInstituto Mexicano de Contadores Públicos, _92424 |
|
| 245 | 1 | 0 |
_aNormas de autoría y Normas para atestiguar / _cInstituto Mexicano de Contadores Públicos |
| 250 |
_aTrigésima primera edición / _benero |
||
| 264 | 1 |
_aMéxico, D.F. : _bInstituto Mexicano de Contadores Públicos, _c2010 |
|
| 300 |
_a1 volumen (paginación varía) ; _c18 cm |
||
| 336 |
_atext _btxt _2rdacontent |
||
| 337 |
_2rdamedia _asin medio _bn |
||
| 338 |
_2rdacarrier _avolumen _bnc |
||
| 500 | _aVersión estudiantil.-- Cubierta. | ||
| 505 | _aCódigo de Ética. Norma de Control de Calidad. Prefacio y Marco de Referencia.-- Cubierta | ||
| 650 | 7 |
_2armarc _aAuditoria |
|
| 942 |
_2ddc _cLI _h657.45 _iN822 |
||
| 999 |
_c64478 _d64478 |
||